Music Quiz

Random Music or Bands Quiz

Bands By Last Name III Quiz Stats

 Plays Quiz Updated Jun 1, 2019

Score 0/20 Timer 04:00
1 Play Today
% Correct
No Doubt
90.7%
Sex Pistols
87.8%
Eurythmics
85.1%
Genesis
80.9%
Creedence Clearwater Revival
75.3%
Dire Straits
72.3%
Soundgarden
69.8%
30 Seconds to Mars
69.1%
Nickelback
63%
Heart
61.1%
% Correct
Bush
57.7%
Rage Against the Machine
56.9%
Creed
45.2%
Goo Goo Dolls
39.7%
The Runaways
33.6%
The Breeders
33.2%
The Bangles
30.6%
INXS
22.8%
Styx
21.2%
Collective Soul
20.3%

You're not logged in!

Compare scores with friends on all Sporcle quizzes.
OR
Log In

Sporcle TV

Today on Sporcle TV


Watch our educational content, quiz creation guides, and fun videos on Sporcle TV.

Show Comments

Extras

Top Quizzes Today


Score Distribution

Your Account Isn't Verified!

In order to create a playlist on Sporcle, you need to verify the email address you used during registration. Go to your Sporcle Settings to finish the process.

Report this User

Report this user for behavior that violates our Community Guidelines.

Details: